Kvalita od píky: Model pro malý podnik
Cieľ všetkých firiem - uspokojiť zákazníkov, majiteľov a zamestnancov. Jedným zo spôsobov dosiahnutia cieľa je program kvality. Návrh úspešného procesu - 5 fáz - zameranie, posudzovanie, vyjednávanie, rekonštrukcia a implementácia. Indikátory úspechu. Ľudský faktor. Ako zostať aktuálny.
Salvato in:
| Autore principale: | |
|---|---|
| Natura: | Capitolo di libro |
| Lingua: | ceco |
| Soggetti: | |
| Tags: |
Nessun Tag, puoi essere il primo ad aggiungerne!!
|
MARC
| LEADER | 00000naa$a2200000$$$4500 | ||
|---|---|---|---|
| 001 | 0025610 | ||
| 005 | 20230524133436.7 | ||
| 041 | 0 | |a cze | |
| 044 | |a SK | ||
| 245 | 1 | 0 | |a Kvalita od píky: Model pro malý podnik |c Grace Duffy |
| 520 | |a Cieľ všetkých firiem - uspokojiť zákazníkov, majiteľov a zamestnancov. Jedným zo spôsobov dosiahnutia cieľa je program kvality. Návrh úspešného procesu - 5 fáz - zameranie, posudzovanie, vyjednávanie, rekonštrukcia a implementácia. Indikátory úspechu. Ľudský faktor. Ako zostať aktuálny. | ||
| 610 | 2 | 0 | |a kvalita |
| 610 | 2 | 0 | |a podnik malý |
| 610 | 2 | 0 | |a zákazníci |
| 610 | 2 | 0 | |a zamestnanci |
| 610 | 2 | 0 | |a systémy kvality |
| 610 | 2 | 0 | |a procesy podnikové |
| 610 | 2 | 0 | |a vyjednávanie |
| 610 | 2 | 0 | |a zdroje ľudské |
| 100 | 1 | |a Duffy, Grace | |